All Secondary Champions (WWE) - Statistics

General Stats
  • This quiz has been taken 1,252 times
    1,046 since last reset
  • The average score is 74 of 128
Answer Stats
Wins Champion % Correct
2 | 8 The Miz
93%
5 John Cena
92%
2 | 9 Chris Jericho
91%
5 Triple H
88%
1 | 3 Dean Ambrose
86%
1 Randy Orton
86%
1 | 2 Seth Rollins
86%
3 Shawn Michaels
86%
1 Roman Reigns
85%
2 | 6 Dolph Ziggler
84%
1 | 5 Edge
82%
1 Big Show
81%
2 Kane
81%
3 | 4 Kofi Kingston
81%
2 The Rock
81%
2 Rey Mysterio
80%
1 Ric Flair
78%
4 Christian
76%
2 | 3 Kevin Owens
76%
2 Stone Cold Steve Austin
76%
1 Big E
73%
2 Cody Rhodes
73%
1 | 4 Jeff Hardy
72%
1 | 2 Eddie Guerrero
71%
3 | 4 Chris Benoit
70%
1 Daniel Bryan
69%
1 Kurt Angle
69%
2 Sheamus
69%
1 CM Punk
68%
1 Matt Hardy
68%
2 AJ Styles
67%
1 John Bradshaw Layfield
66%
1 | 4 Booker T
64%
6 Rob Van Dam
64%
5 Wade Barrett
64%
1 | 2 Bret Hart
63%
1 Randy Savage
63%
4 Razor Ramon
63%
2 Finn Balor
62%
3 Rusev
62%
1 Diesel
61%
2 Ultimate Warrior
61%
1 | 2 Bobby Lashley
60%
2 Alberto Del Rio
59%
2 Shinsuke Nakamura
59%
2 MVP
58%
1 | 3 Shelton Benjamin
58%
1 Antonio Cesaro
57%
3 John Morrison
57%
1 Drew McIntyre
56%
2 Owen Hart
55%
1 | 2 Santino Marella
55%
1 Zack Ryder
55%
3 Chyna
54%
3 Goldust
54%
1 Ryback
53%
2 Umaga
53%
1 Luke Harper
52%
1 Carlito
51%
1 Jack Swagger
51%
2 R-Truth
51%
1 Billy Gunn
50%
1 Ricky Steamboat
46%
1 Jinder Mahal
45%
1 Test
44%
1 Honky Tonk Man
43%
6 Jeff Jarrett
43%
1 Rikishi
43%
2 William Regal
43%
1 Curtis Axel
42%
1 Pat Patterson
42%
1 Albert
41%
2 Mr Perfect
41%
1 Road Dogg
41%
1 Roddy Piper
41%
2 Kalisto
40%
1 Bobby Roode
39%
1 British Bulldog
39%
1 Ezekiel Jackson
37%
1 Rick Rude
37%
1 Finlay
36%
1 Orlando Jordan
35%
1 Baron Corbin
34%
2 Pedro Morales
32%
1 D'Lo Brown
31%
1 Ken Shamrock
31%
1 The Godfather
31%
2 Val Venis
31%
1 Rhyno
28%
1 Samoa Joe
28%
2 Tito Santana
28%
1 Ahmed Johnson
26%
1 Lance Storm
26%
1 Greg Valentine
25%
1 Marty Jannetty
24%
1 Mr Kennedy
24%
2 Don Muraco
23%
1 Tajiri
21%
1 The Mountie
20%
1 Marc Mero
19%
1 Dean Douglas
17%
1 Ken Patera
17%
1 The Texas Tornado
17%
1 Chris Kanyon
12%
No matching quizzes found
Score Distribution
Percent of People with Each Score
Percentile by Number Answered
Your Score History
You have not taken this quiz since the last reset